| 000 | 00583nam a22001937a 4500 | ||
|---|---|---|---|
| 999 |
_c172068 _d172068 |
||
| 005 | 20200130125210.0 | ||
| 010 | _aA-441451 | ||
| 020 | _c50.00 | ||
| 035 | _aA-441451 | ||
| 037 | _bBPPD/Pub. | ||
| 082 | _a848 | ||
| 100 | _aوزیر آغا | ||
| 245 |
_aانشایہ کے خدوخال / _cوزیر آغا |
||
| 246 |
_bInshaaiya Ke Khadokhal (Urdu) / _aby Vazir Aagha |
||
| 260 |
_aLahore _bBazl Nadeem _c1990 ء |
||
| 270 |
_aMaktaba Fikr-o-Khyal, 172 Satluj Block, Iqbal Town _bLahore |
||
| 300 |
_a110p. _c22cm(Hb) |
||
| 942 |
_2ddc _cUR _h848 _mو ز ی |
||